| 000 | 00602nam a22001697a 4500 | ||
|---|---|---|---|
| 003 | NUST | ||
| 038 | _aNusrat Nadeem | ||
| 082 | _a200 | ||
| 100 |
_aKiani, Raja Muhammad Zohaib Tariq _9125993 |
||
| 245 |
_aLow Cost and Effective Hardware Trojan Mitigation Techniques for Approximate Systems/ _cRaja Muhammad Zohaib Tariq Kiani, |
||
| 264 |
_aIslamabad; _bSEECS NUST; _c2024. |
||
| 300 |
_a35,p; _bill; _c30,cm. |
||
| 650 |
_aMS-Electrical Engineering _923567 |
||
| 700 |
_aSupervisor: Dr. Muhammad Imran _9114423 |
||
| 856 | _u http://10.250.8.41:8080/xmlui/handle/123456789/46571 | ||
| 942 |
_2ddc _cSC |
||
| 999 |
_c611732 _d611732 |
||